Subdivision capitals closest to Dnjipro (UA) - Statistics

General Stats
  • This quiz has been taken 8 times
  • The average score is 11 of 20
Answer Stats
Distance (km) Answer % Correct
5 210 Donjeck
100%
3 190 Harkiv
100%
15 395 Kijiv
100%
14 392 Odesa
100%
6 243 Čerkasi
67%
17 431 Černjihiv
67%
11 314 Luhansk
67%
2 130 Poltava
67%
8 272 Sumi
67%
18 444 Tiraspol/Tiraspolj
67%
1 69 Zaporižja
67%
7 262 Belgorod
33%
20 455 Bender/Tighina
33%
9 273 Herson
33%
4 205 Kropivnjickij
33%
12 374 Kursk
33%
10 282 Mikolajiv
33%
19 444 Sevastopolj
33%
16 398 Simferopolj
33%
13 375 Rostov na Donu
0%
No matching quizzes found
Score Distribution
Percent of People with Each Score
Percentile by Number Answered
Your Score History
You have not taken this quiz